Movies Quiz

Random Movies or Quote Quiz

'00s Animated Movies by Quote Quiz Stats

 Plays Quiz Updated Oct 20, 2018

Score 0/20 Timer 05:00
8 Plays Today
% Correct
The Princess and the Frog
91.2%
The Simpsons Movie
90.3%
Lilo & Stitch
89.8%
A Christmas Carol
85.7%
Cloudy with a Chance of
Meatballs
80.4%
Shrek
80.1%
Kung Fu Panda
78.5%
Madagascar
76.6%
The Polar Express
75.9%
Finding Nemo
73.6%
% Correct
The Road to El Dorado
72.2%
Coraline
69.2%
Horton Hears a Who!
66%
Corpse Bride
64.1%
Wallace & Gromit: The Curse
of the Were-Rabbit
62.7%
The Emperor's New Groove
61.8%
Ice Age
54.1%
Eight Crazy Nights
49.1%
WALL-E
44.9%
Spirited Away
44.6%

You're not logged in!

Compare scores with friends on all Sporcle quizzes.
OR
Log In

Sporcle TV

Today on Sporcle TV


Watch our educational content, quiz creation guides, and fun videos on Sporcle TV.

Show Comments

Extras

Top Quizzes Today


Score Distribution

Your Account Isn't Verified!

In order to create a playlist on Sporcle, you need to verify the email address you used during registration. Go to your Sporcle Settings to finish the process.

Report this User

Report this user for behavior that violates our Community Guidelines.

Details: